Minecraft: Trees by Picture - Statistics

General Stats
  • This quiz has been taken 117 times
    84 since last reset
  • The average score is 13 of 15
Answer Stats
Picture Answer % Correct
Birch
96%
Red Mushroom
96%
Jungle
95%
Cherry
93%
Dark Oak
92%
Oak
92%
Brown Mushroom
90%
Spruce
90%
Acacia
86%
Mangrove
81%
Crimson
78%
Warped
77%
Pale Oak
74%
Chorus
73%
Azalea
67%
No matching quizzes found
Score Distribution
Percent of People with Each Score
Percentile by Number Answered
Your Score History
You have not taken this quiz since the last reset